Charitable land trusts: their history, nature and uses. (Record no. 90577)

MARC details
000 -LEADER
fixed length control field 00891cam a2200265 4500
001 - CONTROL NUMBER
control field J61
008 - FIXED-LENGTH DATA ELEMENTS--GENERAL INFORMATION
fixed length control field 090401t1989 xxu||||| |||| 00| 0 eng d
035 ## - SYSTEM CONTROL NUMBER
System control number (Sirsi) u37920
041 ## - LANGUAGE CODE
Language code of text/sound track or separate title eng
050 ## - LIBRARY OF CONGRESS CALL NUMBER
Classification number 333.2
245 ## - TITLE STATEMENT
Title Charitable land trusts: their history, nature and uses.
260 ## - PUBLICATION, DISTRIBUTION, ETC.
Name of publisher, distributor, etc. Land Trusts Association
Date of publication, distribution, etc. 1989
300 ## - PHYSICAL DESCRIPTION
Extent 48p. ; 21cm.
350 ## - PRICE (NR) (BK AM CF MU VM SE) [OBSOLETE]
Price 5
505 ## - FORMATTED CONTENTS NOTE
Formatted contents note Introduction -- History of the association -- Types of land trust and their uses -- Land trusts and estate management -- Fiscal and legal aspects of land trusts -- Land trusts and the local community -- Case studies.
650 ## - SUBJECT ADDED ENTRY--TOPICAL TERM
Topical term or geographic name entry element LANDED ESTATES
650 ## - SUBJECT ADDED ENTRY--TOPICAL TERM
Topical term or geographic name entry element TRUSTS
690 ## - LOCAL SUBJECT ADDED ENTRY--TOPICAL TERM (OCLC, RLIN)
Topical term or geographic name as entry element LAND
700 ## - ADDED ENTRY--PERSONAL NAME
Personal name Miles, A.B.
International Standard Serial Number Editor
700 ## - ADDED ENTRY--PERSONAL NAME
Personal name Surtees, Charles W.
International Standard Serial Number Editor
700 ## - ADDED ENTRY--PERSONAL NAME
Personal name Boddington, Michael A. B.
International Standard Serial Number Editor
710 ## - ADDED ENTRY--CORPORATE NAME
Corporate name or jurisdiction name as entry element Land Trusts Association
9 (RLIN) 3224
942 ## - ADDED ENTRY ELEMENTS (KOHA)
Suppress in OPAC 0
948 ## - LOCAL PROCESSING INFORMATION (OCLC); SERIES PART DESIGNATOR (RLIN)
c (OCLC) 04/03/1997
Holdings
Withdrawn status Lost status Source of classification or shelving scheme Damaged status Not for loan Home library Current library Shelving location Date acquired Cost, normal purchase price Total Checkouts Full call number Barcode Date last seen Copy number Cost, replacement price Price effective from Koha item type
    Dewey Decimal Classification     London London Basement 30/08/1991 5.00   SHELF 320 30002336 06/08/2019 1 5.00 06/08/2019 Reference material
    Dewey Decimal Classification     London London Basement 07/08/2017     LAND TRUSTS ASSOCIATION OCCASIONAL PAPER 30078515 06/08/2019 1   06/08/2019 Reference material
    Dewey Decimal Classification     London London Basement 07/08/2017     LAND TRUSTS ASSOCIATION OCCASIONAL PAPER 30078516 06/08/2019 2   06/08/2019 Reference material